Normal view
MARC view
- تحرير هيز، صامويل، وليم توماس ؛ ترجمة سامي هاشم
Entry Personal Name
001 - CONTROL NUMBER
- control field: 8567
003 - CONTROL NUMBER IDENTIFIER
- control field: JO-AjAnu
005 - DATE AND TIME OF LATEST TRANSACTION
- control field: 20230606071700.0
008 - FIXED-LENGTH DATA ELEMENTS
- fixed length control field: 230606|| aca||aabn | a|a d
040 ## - CATALOGING SOURCE
- Original cataloging agency: JO-AjAnu
- Transcribing agency: JO-AjAnu
100 ## - HEADING--PERSONAL NAME
- Personal name: تحرير هيز، صامويل، وليم توماس ؛ ترجمة سامي هاشم
670 ## - SOURCE DATA FOUND
- Source citation: Work cat.: (JO-AjAnu)4422: تحرير هيز، صامويل، وليم توماس ؛ ترجمة سامي هاشم , author, تولي القياد: ة فن الفيادة العسكرية وعلمها